| 000 | 02039cam a22005534i 4500 | ||
|---|---|---|---|
| 003 | PE-LiUPU | ||
| 005 | 20250731180141.0 | ||
| 008 | 150706s2007 mx a r 000 0 spa d | ||
| 020 | _a97897012409564 | ||
| 035 | _a(Sirsi) i9789701240956 | ||
| 040 |
_aPE-LiUPU _bspa _cPE-LiUPU _dPE-LiUPU _erda |
||
| 049 | _aPRUA | ||
| 082 | 0 | 4 |
_a510.3328 _bR74 _221 |
| 100 | 1 |
_aRodríguez Franco, Jesús, _eautor. |
|
| 245 | 1 | 0 |
_aMatemáticas Financieras : _baplicaciones con excel / _cJesús Rodríguez Franco y Albeto Isaac Pierdant Rodríguez. |
| 264 | 1 |
_aMéxico : _bPatria, _c2007. |
|
| 300 |
_a346 páginas : _bilustraciones ; _c25 centímetros |
||
| 300 | _a1 CD-ROM | ||
| 336 |
_atext _2rdacontent |
||
| 337 |
_aunmediated _2rdamedia |
||
| 338 |
_avolume _2rdacarrier |
||
| 505 | _aInterés simple -- Descuento simple -- Interés compuesto -- Anualidades -- Amortización -- Depreciación. | ||
| 526 | _aSEG44 | ||
| 526 | _aSEG26 | ||
| 526 | _aP159 | ||
| 526 | _aP155 | ||
| 526 | _aP154 | ||
| 526 | _aP153 | ||
| 526 | _aP150 | ||
| 526 | _aP100 | ||
| 526 | _aP31 | ||
| 526 | _aP30 | ||
| 526 | _aP26 | ||
| 526 | _aP25 | ||
| 526 | _aP24 | ||
| 526 | _aP22 | ||
| 526 | _aP15 | ||
| 526 | _aP10 | ||
| 541 | _g015-0011135; | ||
| 650 | 0 | 4 |
_aMatemáticas comerciales _xEstudio y enseñanza _vProgramas de actividades. |
| 650 | 0 | 4 |
_aMatemáticas comerciales _xEstudio y enseñanza. |
| 700 | 1 |
_aPierdant Rodríguez, Alberto Isaac, _eautor. |
|
| 910 | _agl20100215 | ||
| 942 |
_2ddc _cBOOK |
||
| 949 |
_a510.3328 R74 _wDEWEY _c1 _i61012 _d2015-9-22 _e2015-9-22 _lCCODEBUL1 _mBUL _n4 _p30.00 _r0 _sY _tBOOK _u2015-7-6 _xFCE _PP08 _o.STAFF. Colección Ciencias Empresariales |
||
| 994 |
_aC0 _bPEPRU |
||
| 596 | _a1 | ||
| 999 |
_a510.3328 R74 _wDEWEY _c50350 _i61012 _d50350 _e2019-10-16 _f2021-11-5 _g6 _lCCODEBUL1 _mBUL _n18 _p30.00 _q5 _r0 _sY _tBOOK _u2015-7-6 _xBIBLIOTECA _PP08 _o.STAFF. Colección Ciencias Empresariales |
||
| 980 |
_81 _gALBERTO SANCHEZ Responsable de Automatización |
||